Breve historia de china desde la antigüedad hasta 1919 / (Record no. 12958)

000 -CABECERA
fixed length control field 00810nam a22002177a 4500
003 - IDENTIFICADOR DEL NÚMERO DE CONTROL
control field AR-CdUCM
008 - DATOS DE LONGITUD FIJA--INFORMACIÓN GENERAL
fixed length control field 190410b ||||| |||| 00| 0 spa d
040 ## - FUENTE DE LA CATALOGACIÓN
Agencia/entidad que catalogó originalmente la obra MUNICIPALIDAD PROVINCIAL DEL CUSCO
Entidad que transcribió la catalogación BIBLIOTECA MUNICIPAL DEL CUSCO
082 ## - NÚMERO DE LA CLASIFICACIÓN DECIMAL DEWEY
No. de Clasificación 951.03 /
Notacion interna S47
100 ## - ENTRADA PRINCIPAL--NOMBRE DE PERSONA
Nombre Personal Shouyi, Bai
245 ## - MENCIÓN DE TÍTULO
Título Breve historia de china desde la antigüedad hasta 1919 /
260 ## - PUBLICACIÓN, DISTRIBUCIÓN, ETC.
Lugar de publicación, distribución, etc. Beijing :
Nombre de la editorial, distribuidor, etc. Lenguas extranjeras,
Fecha de publicación, distribución, etc. 1984.
300 ## - DESCRIPCIÓN FÍSICA
Nº de Páginas Extensión 519 páginas ;
Dimensiones 20 cm.
Otros detalles físicos Ilustraciones, mapas, Fotografías,
440 ## - MENCIÓN DE SERIE/PUNTO DE ACCESO ADICIONAL--TÍTULO
Título Colección de biblioteca básica
9 (RLIN) 31094
505 ## - NOTA DE CONTENIDO CON FORMATO
Nota de contenido formateada Contenido : Introducción -- Reliquias -- Fabulas y leyendas remotas -- Shang y zhou, estados esclavistas ...
650 ## - PUNTO DE ACCESO ADICIONAL DE MATERIA--TÉRMINO DE MATERIA
Descriptor Historia
9 (RLIN) 136
650 ## - PUNTO DE ACCESO ADICIONAL DE MATERIA--TÉRMINO DE MATERIA
Descriptor Sociedad
9 (RLIN) 53
650 ## - PUNTO DE ACCESO ADICIONAL DE MATERIA--TÉRMINO DE MATERIA
Descriptor China
9 (RLIN) 843
942 ## - ELEMENTOS DE PUNTO DE ACCESO ADICIONAL (KOHA)
Fuente de clasificación
Tipo de item Libros-BMC
945 ## - PROCESAMIENTO DE INFORMACIÓN LOCAL (OCLC)
Catalogador rah
AAAA-MM-DD - Fecha de ingreso o modificacion 10/04/2019
Holdings
Estado de retiro (separado) Fuente de clasificación o esquema de estanterías Estado dañado Ubicación Sala donde se ubica Nombre de la colección Fecha de adquisición o compra Costo, precio normal en soles Signatura topográfica Código de Barras Última vez visto (Koha) Tipo de ítem (Koha)
No     Sala Humanidades Sala Humanidades Book Cart 2019-04-10 30.00 951.03 / S47 SH0000010363 2019-04-10 Libros-BMC

Powered by Koha